| 000 | 00354pab a2200145 454500 | ||
|---|---|---|---|
| 008 | 180718b2004 xxu||||| |||| 00| 0 eng d | ||
| 100 | _aBoyce, James K. | ||
| 245 | _aDemocratizing global economic governance | ||
| 260 | _c2004 | ||
| 300 | _ap.593-99. | ||
| 362 | _aJun | ||
| 650 | _aGlobalization | ||
| 773 | _aDevelopment and Change | ||
| 909 | _a62116 | ||
| 999 |
_c62116 _d62116 |
||